| 000 | 00768cam a2200253 a 4500 | ||
|---|---|---|---|
| 999 |
_c9841 _d9841 |
||
| 001 | 9841 | ||
| 003 | BD-JhCC | ||
| 005 | 20180402094543.0 | ||
| 008 | 990802s2000 ctuab 001 0 eng | ||
| 020 | _a0023668911 | ||
| 020 | _a0130873942 (pbk.) | ||
| 035 |
_a(DLC) 99040292 _a(BD-JhCC)9841 |
||
| 040 |
_aDLC _cDLC _dBD-JhCC |
||
| 041 | _aeng | ||
| 050 | 0 | 0 |
_aQH308.2 _b.K76 2000 |
| 082 | 0 | 0 |
_a570 _221 _bKRO 2000 |
| 100 | 1 |
_aKrogh, David, _d1949- |
|
| 245 | 1 | 0 |
_aBiology : _ba guide to the natural world / _cDavid Krogh. |
| 260 |
_aUpper Saddle River, N.J. : _bPrentice Hall, _cc2000. |
||
| 300 |
_axxxiii, 678 p. : _bill. (some col.), col. maps ; _c29 cm. + _e1 computer laser optical disc (4 3/4 in.) |
||
| 650 | 0 | _aBiology. | |
| 942 |
_2ddc _cBK |
||